000 00883nam a2200277 u 4500
001 000020630
003 DO-SdBNP
005 20240530073919.0
008 100812s2017 dr r 000 f spa d
020 _a9789945088113
040 _aDO-SdBNP
_bspa
_cBNPHU
082 _aRD863.44
_bS787t, 2017
_222
100 1 _aStanley, Avelino,
_d1959-
_91536
245 1 0 _aTiempo muerto :
_bnovela /
_cAvelino Stanley.
250 _a19a. ed.
260 _aSanto Domingo :
_bCocolo,
_c2017.
300 _a159 p. ;
_c23 cm.
500 _aIncluye datos biográficos del autor en la contracubierta
586 _a"Premio Nacional de Novela 1996"
590 _aInventariado, 2020 /LP
650 0 _aNovela dominicana
_9223
650 0 _aLiteratura dominicana.
_967
650 4 _aNegros
_zCaribe (Región{Rpara}
_vNOVELAS
_91800
910 _aValidado. Control de calidad MFF
942 _2ddc
_cLBS1
999 _c20134
_d20134